000
00266nam a22001097a 4500
008
170110b xxu||||| |||| 00| 0 eng d
020
_a
9781437707502
041
_a
eng
080
_2
5th
_a
618.2
245
_a
UNSERSTANDING NURSING RESEARCH
_c
GROVE, S.K
942
_2
udc
_c
BK
999
_c
2675
_d
2675